Brawlers By Year - Statistics

General Stats
  • This quiz has been taken 24 times
  • The average score is 8 of 9
Answer Stats
Hint Answer % Correct
2017(19) Shelly, Nita, Colt, Bull, Brock, Barley, El Primo, Poco, Jessie, Dynamike, Rico, Bo, Mortis, Spike, Crow, Piper, Pam, Tara, Darryl
100%
2019(10) Gene, Carl, Rosa, Bibi, Tick, 8-bit, Sandy, Emz, Bea, Max
94%
2022(10) Fang, Eve, Janet, Bonnie, Otis, Sam, Gus, Buster, Chester, Gray
89%
2024(12) Kit, Larry and Lawrie, Angelo, Melodie, Lily, Draco, Berry, Clancy, Moe, Kenji, Juju, Shade
89%
2023(11) Mandy, R-T, Willow, Maisie, Hank, Cordelius, Doug, Pearl, Chuck, Charlie, Mico
89%
2020(11) Mr. P, Jacky, Sprout, Gale, Nani, Surge, Colette, Amber, Lou, Byron, Edgar
89%
2021(10) Ruffs, Stu, Belle, Squeak, Buzz, Griff, Ash, Meg, Lola, Grom
89%
2018(3) Penny, Frank, Leon
83%
2025(2) Meeple, Ollie
78%
No matching quizzes found
Score Distribution
Percent of People with Each Score
Percentile by Number Answered
Your Score History
You have not taken this quiz